2000s TV Shows - Sudden Death - Statistics

General Stats
  • This quiz has been taken 840 times
    509 since last reset
  • The average score is 11 of 29
Answers on the Grid
Answers color-coded by a green-red scale on the quiz's grid according to % correct below.
30 Rock
7th Heaven
Alias
All That
Ally McBeal
America's Got Talent
American Dad!
American Idol
Breaking Bad
Brooklyn Nine-Nine
Dancing with the Stars
Dawson's Creek
Dexter
Everybody Loves Raymond
Family Guy
Friends
Futurama
Gilmore Girls
Glee
Hannah Montana
House
How I Met Your Mother
iCarly
JAG
Kim Possible
Lost
Malcolm in the Middle
Modern Family
Monk
NCIS
Once Upon a Time
Parks & Recreation
Phineas & Ferb
Psych
Scrubs
Smallville
South Park
SpongeBob SquarePants
Supernatural
Survivor
The King of Queens
The Mentalist
The Office
The X-Files
 
Answer Stats
Answer % Correct
Breaking Bad
60%
How I Met Your Mother
54%
Dexter
53%
The Office
52%
American Idol
50%
Hannah Montana
49%
30 Rock
46%
iCarly
46%
Glee
45%
House
45%
America's Got Talent
43%
Modern Family
43%
Gilmore Girls
42%
Lost
42%
American Dad!
40%
Smallville
39%
Phineas & Ferb
38%
Kim Possible
36%
Supernatural
36%
Dancing with the Stars
35%
Malcolm in the Middle
32%
Parks & Recreation
31%
NCIS
30%
Scrubs
28%
The Mentalist
25%
Monk
23%
Psych
22%
Alias
20%
Survivor
20%
No matching quizzes found
Score Distribution
Percent of People with Each Score
Percentile by Number Answered
Your Score History
You have not taken this quiz since the last reset